[Event "Innsbruck op-B 1st"]
[Site "Innsbruck"]
[Date "2017.08.25"]
[Round "1"]
[White "Singer, Manfred"]
[Black "Sparber, Werner"]
[Result "0-1"]
[WhiteElo "1752"]
[BlackElo "1779"]
[PlyCount "108"]
[EventDate "2017.08.25"]
[EventType "swiss"]
[EventRounds "9"]
[EventCountry "AUT"]
[SourceTitle "CBM 180 Extra"]
[Source "ChessBase"]
[SourceDate "2017.10.06"]
[SourceVersion "1"]
[SourceVersionDate "2017.10.06"]
[SourceQuality "1"]

1. c4 e5 2. Nc3 Nf6 3. g3 c6 4. Nf3 d6 5. Bg2 Be7 6. 0-0 Bg4 7. h3 Be6 8. d3 h6 9. b4 0-0 10. b5 Qc8 11. Kh2 a6 12. a4 axb5 13. cxb5 Bd7 14. Qb3 c5 15. Ba3 Be6 16. Qc2 Nbd7 17. Rfc1 Ra5 18. Nd2 Nb6 19. Nb3 Bxb3 20. Qxb3 Qd7 21. Rc2 Rfa8 22. Bc1 d5 23. Rca2 c4 24. dxc4 dxc4 25. Qc2 Bc5 26. e3 Bb4 27. Bd2 Rd8 28. Be1 Qe7 29. Ne4 Nxe4 30. Bxe4 Bxe1 31. Rxe1 Rc8 32. Rea1 c3 33. Ra3 Qb4 34. Bxb7 Rc4 35. Rb3 Qc5 36. Be4 Raxa4 37. Rxa4 Nxa4 38. Bd3 Rb4 39. Ra3 e4 40. Bxe4 Qxb5 41. Bd3 Qc6 42. Ra2 g6 43. Be2 Qe4 44. Bd3 Qc6 45. Be2 Kg7 46. Bd1 Nb2 47. Be2 Rb7 48. Ra3 Rc7 49. Kg1 h5 50. Ra6 Qc5 51. Kg2 Qd5+ 52. Bf3 Qd3 53. Qxd3 Nxd3 54. Bd1 c2 0-1